| 000 -LEADER |
| fixed length control field |
00526nam a22001577a 4500 |
| 020 ## - INTERNATIONAL STANDARD BOOK NUMBER |
| International Standard Book Number |
8176257389 |
| 082 ## - DEWEY DECIMAL CLASSIFICATION NUMBER |
| Classification number |
A6x5433 B179p\4 |
| 245 ## - TITLE STATEMENT |
| Title |
Punjab through the ages, vol. 4 |
| Statement of responsibility, etc |
edited by S.R. Bakshi and Rashmi Pathak |
| 260 ## - PUBLICATION, DISTRIBUTION, ETC. (IMPRINT) |
| Place of publication, distribution, etc |
New Delhi |
| Name of publisher, distributor, etc |
Sarup |
| Date of publication, distribution, etc |
2007 |
| 300 ## - PHYSICAL DESCRIPTION |
| Extent |
292p. |
| 440 ## - SERIES STATEMENT/ADDED ENTRY--TITLE |
| Title |
Studies in contemporary Indian history |
| 9 (RLIN) |
10133 |
| 650 ## - SUBJECT ADDED ENTRY--TOPICAL TERM |
| Topical term or geographic name as entry element |
Punjab (India) -- History |
| 9 (RLIN) |
10243 |
| 650 ## - SUBJECT ADDED ENTRY--TOPICAL TERM |
| Topical term or geographic name as entry element |
Punjab (India) -- Politics and government |
| 9 (RLIN) |
10244 |
| 700 ## - ADDED ENTRY--PERSONAL NAME |
| Personal name |
Bakshi, S.R., ed. |
| 9 (RLIN) |
10134 |
| 700 ## - ADDED ENTRY--PERSONAL NAME |
| Personal name |
Pathak, Rashmi, ed. |
| 9 (RLIN) |
10135 |